Представление документа в формате MARC21

ПолеНазваниеЗначение
  Тип записи a
  Библиографический уровень m
001 Контрольный номер RU\infra-m\znanium\bibl\2038342
005 Дата корректировки 20240827142056.7
008 Кодируемые данные 231011s2023 RU g rus u
020 Индекс ISBN __
a ISBN 978-5-16-018659-7
020 Индекс ISBN __
a ISBN 978-5-16-109755-7 (электр. издание)
040 Источник каталогиз. __
a Служба первич. каталог. Общество с ограниченной ответственностью «ЗНАНИУМ»
041 Код языка издания __
a Код языка текста rus
044 Код страны публикации __
a Код страны публикации RU
080 Индекс УДК __
a Индекс УДК 349.41(075.8)
084 Индекс другой классификации/Индекс ББК __
2 Источник индекса rubbk
a Индекс другой классификации/Индекс ББК 67.407.1я73
084 Индекс другой классификации/Индекс ББК __
2 Источник индекса okso
a Индекс другой классификации/Индекс ББК 21.03.02
100 Автор __
a Автор Липски С.А.
q Полное имя Липски Станислав Анджеевич
u Дополнение Государственный университет по землеустройству
245 Заглавие __
a Заглавие Правовое обеспечение землеустройства и кадастров
b Продолж. заглавия Учебное пособие
c Ответственность Государственный университет по землеустройству
250 Сведения об издании __
a Основные сведения об издании 1
260 Выходные данные __
a Место издания Москва
b Издательство ООО "Научно-издательский центр ИНФРА-М"
c Дата издания 2023
300 Физическое описание __
a Объем 187 с.
440 Серия __
a Серия Высшее образование
520 Аннотация __
a Аннотация В учебном пособии охарактеризовано как общее состояние правового регулирования земельных отношений так и современное законодательное обеспечение землеустройства кадастровой деятельности кадастрового учета объектов недвижимости и регистрации прав на них. Раскрыты ключевые положения связанные с правами на землю их реализацией и защитой привлечением к ответственности за земельные правонарушения. Освещены правовые аспекты охраны земель образования земельных участков государственного управления земельным фондом и государственного земельного надзора. Подробно рассмотрены особенности правового режима отдельных категорий земель а также дан краткий обзор правового регулирования землеустроительной и кадастровой деятельности в зарубежных странах. Соответствует требованиям федеральных государственных образовательных стандартов высшего образования последнего поколения и профессиональных стандартов «Землеустроитель» и «Специалист в сфере кадастрового учета». Для студентов обучающихся по направлению подготовки 21.03.02 «Землеустройство и кадастры».
521 Примеч. о цел. назн. __
a Примеч. о целев. назн. Профессиональное образование
650 Тематические рубрики __
a Основная рубрика Право. Юридические науки
x Основная подрубрика Земельное право
655 Указ. предметных рубрик (устаревшее) __
a Жанр/ форма (устаревшее) Учебное пособие
856 Электронный адрес документа 4_
a Имя сервера/домена znanium.com
m Помощь ebs_support@infra-m.ru
n Местонахождение сервера НИЦ ИНФРА-М
u URL https://znanium.com/catalog/document?id=429013
856 Электронный адрес документа 48
a Имя сервера/домена znanium.com
d Путь /cover/2038
f Электронное имя 2038342.jpg
q Тип электронного формата image/jpeg
u URL https://znanium.com/cover/2038/2038342.jpg
911 __
u 0030=https://znanium.com/catalog/document?id=429013